| 000 | 00551nam a2200205 a 4500 | ||
|---|---|---|---|
| 001 | 33855 | ||
| 005 | 20180714001853.0 | ||
| 008 | 140415s1985 sp 000 0 spa d | ||
| 020 | _a8475304311 | ||
| 041 | _aspa | ||
| 082 |
_a330.1 _bBAU |
||
| 100 | 1 | _aBAUER, P. T. | |
| 245 | 1 | 0 | _aCRITICA DE LA TEORIA DEL DESARROLLO |
| 250 | _a2A ED. | ||
| 260 |
_aESPAÑA : _bORBIS, _c1985 |
||
| 300 | _a510 | ||
| 490 |
_aBIBLIOTECA DE ECONOMIA _v11 |
||
| 650 | 1 | 4 |
_aDESARROLLO ECONOMICO _xECONOMIA _xTEORIAS |
| 700 | 1 |
_aDONATELLI, PAOLO _etr. |
|
| 999 |
_c33855 _d33855 |
||